000 00416nam a2200157 i 4500
001 41078
003 ES-MaACL
005 20230906160354.0
007 t|
008 030307s1935 fr ||||1| fre d
100 1 _aCarmille, René.
_935331
245 1 0 _aVues d'economie objetive /
_cRené Carmille.
260 _aBordeaux :
_b[s.n.],
_c1935 (
_fJ. Biere)
300 _a282 p. ;
_c23 cm.
852 _aES-MaACL
_jA-3416
999 _c41078
_d41078